अपने ही देश में/ (Record no. 11381)
[ view plain ]
| 000 -LEADER | |
|---|---|
| fixed length control field | 01301 a2200241 4500 |
| 005 - DATE AND TIME OF LATEST TRANSACTION | |
| control field | 20080902155341.0 |
| 008 - FIXED-LENGTH DATA ELEMENTS--GENERAL INFORMATION | |
| fixed length control field | 080902t xxu||||| |||| 00| 0 hin d |
| 010 ## - LCCN (DPL NO) | |
| LC control number | HIN-82951 |
| 020 ## - INTERNATIONAL STANDARD BOOK NUMBER | |
| Terms of availability | 100.00 |
| 035 ## - SYSTEM CONTROL NUMBER | |
| System control number | HN-55297 |
| 035 ## - SYSTEM CONTROL NUMBER | |
| System control number | B-326502 |
| 037 ## - SOURCE OF ACQUISITION | |
| Source of stock number/acquisition | पु.प्र.अ.प्र/प्रका |
| 082 ## - DEWEY DECIMAL CLASSIFICATION NUMBER | |
| Classification number | 821 |
| 100 ## - MAIN ENTRY--PERSONAL NAME | |
| Personal name | शैलेंद्र |
| 245 ## - TITLE STATEMENT | |
| Title | अपने ही देश में/ |
| Statement of responsibility, etc | शैलेंद्र |
| 246 ## - VARYING FORM OF TITLE | |
| Title proper/short title | Apane hee Desh mein |
| Remainder of title | by Shailendra |
| 260 ## - PUBLICATION, DISTRIBUTION, ETC. (IMPRINT) | |
| Place of publication, distribution, etc | इलाहाबाद |
| Name of publisher, distributor, etc | जानकी देवी प्रकाशन |
| Date of publication, distribution, etc | 2007 |
| 270 ## - ADDRESS | |
| Address | 61सी/1 ए, ओम गायत्री नगर, पो.- तेलियरगंज |
| City | इलाहाबाद |
| Postal code | 211004 |
| Telephone number | 0532-2541046 |
| 300 ## - PHYSICAL DESCRIPTION | |
| Extent | 80पृ |
| Dimensions | 22 सेमी (सजिल्द) |
| 942 ## - ADDED ENTRY ELEMENTS (KOHA) | |
| Item type | Hindi Books |
| Call number prefix | 821 / शैलेंद्र |
| Institution code [OBSOLETE] | dpl |
| Source of classification or shelving scheme | Dewey Decimal Classification |
| Classification part | 821 |
| Call number suffix | शैलेंद्र |
| Withdrawn status | Lost status | Source of classification or shelving scheme | Damaged status | Not for loan | Collection code | Home library | Current library | Date acquired | Cost, normal purchase price | Total Checkouts | Full call number | Barcode | Date last seen | Copy number | Cost, replacement price | Koha item type | Source of acquisition |
|---|---|---|---|---|---|---|---|---|---|---|---|---|---|---|---|---|---|
| Dewey Decimal Classification | Not For Loan | Non-fiction | D.B.Act.Division | D.B.Act.Division | 02/09/2008 | 100.00 | 821 शैलेंद्र | HN-55297 | 15/09/2008 | 1 | 100.00 | Hindi Books | |||||
| Dewey Decimal Classification | Non-fiction | Vinoba Puri | Vinoba Puri | 27/03/2009 | 100.00 | 1 | 821 शैलेंद्र | B-326502 | 02/08/2023 | 1 | 100.00 | Hindi Books | DBAD / PUB |
